| 000 -LEADER |
| fixed length control field |
00440cam a22001217a 4500 |
| 008 - FIXED-LENGTH DATA ELEMENTS--GENERAL INFORMATION |
| fixed length control field |
180718b202+p. xxu||||| |||| 00| 0 eng d |
| 082 ## - DEWEY DECIMAL CLASSIFICATION NUMBER |
| Classification number |
B6x789 N47 |
| 100 ## - MAIN ENTRY--PERSONAL NAME |
| Personal name |
United States. Governer's Committee Reorganization of State Government |
| 245 ## - TITLE STATEMENT |
| Title |
Final report: Governer's Committee Reorganization of State Government |
| 260 ## - PUBLICATION, DISTRIBUTION, ETC. |
| Place of publication, distribution, etc. |
New Mexico |
| Name of publisher, distributor, etc. |
The author |
| Date of publication, distribution, etc. |
202+p. |
| 500 ## - GENERAL NOTE |
| General note |
Chairman: John F. Simms |
| 700 ## - ADDED ENTRY--PERSONAL NAME |
| Personal name |
Simms, John F. (Chairman) |